<?xml version="1.0" encoding="UTF-8"?>
<collection xmlns="http://www.loc.gov/MARC21/slim">
 <record>
  <leader>02459naa a2200241 i 4500</leader>
  <controlfield tag="001">acta36195</controlfield>
  <controlfield tag="005">20220215080807.0</controlfield>
  <controlfield tag="008">161017s2009    hu      o     0||   eng d</controlfield>
  <datafield tag="022" ind1=" " ind2=" ">
   <subfield code="a">1588-8533</subfield>
  </datafield>
  <datafield tag="040" ind1=" " ind2=" ">
   <subfield code="a">SZTE Egyetemi Kiadványok Repozitórium</subfield>
   <subfield code="b">hun</subfield>
  </datafield>
  <datafield tag="041" ind1=" " ind2=" ">
   <subfield code="a">eng</subfield>
  </datafield>
  <datafield tag="100" ind1="1" ind2=" ">
   <subfield code="a">Bajmócy Zoltán</subfield>
  </datafield>
  <datafield tag="245" ind1="1" ind2="0">
   <subfield code="a">Subregional economic and innovation contribution of Hungarian Universities</subfield>
   <subfield code="h">[elektronikus dokumentum] /</subfield>
   <subfield code="c"> Bajmócy Zoltán</subfield>
  </datafield>
  <datafield tag="260" ind1=" " ind2=" ">
   <subfield code="c">2009</subfield>
  </datafield>
  <datafield tag="300" ind1=" " ind2=" ">
   <subfield code="a">142-162</subfield>
  </datafield>
  <datafield tag="490" ind1="0" ind2=" ">
   <subfield code="a">SZTE Gazdaságtudományi Kar közleményei</subfield>
  </datafield>
  <datafield tag="490" ind1="0" ind2=" ">
   <subfield code="a">Regional competitiveness, innovation and environment</subfield>
  </datafield>
  <datafield tag="520" ind1="3" ind2=" ">
   <subfield code="a">Several success stories prove that universities are able to significantly influence regional development. Partially due to this fact a number of regions have created development strategies to strengthen the regional effects of universities and to motivate the academic sphere for a more intense involvement in regional economic development also in the postsocialist transition economies. In spite of this, it is not obvious whether the significant regional contribution of universities is a rule or rather an exception. On the top of this the validity of the relevant results of the literature can not be unambiguously extended to transition economies. Present paper aims to measure the contribution of Hungarian higher education institutions to regional economic and innovation performance. On the one hand, it attempts to adapt the methodology of a former US study of Goldstein and Renault to a transition economy, and instead of regional to sub-regional (LAU-1) level. One the other hand it expands the focus of their method, and connects the role of universities to complex territorial innovation performance, and especially to knowledge exploitation ability. It concludes that universities have significant contribution to overall local innovation performance, but very limited contribution to the knowledge exploitation ability. This contribution is too forceless to result in the dynamic improvement of the local economic performance or in the rise of the local incomes.</subfield>
  </datafield>
  <datafield tag="650" ind1=" " ind2="4">
   <subfield code="a">Társadalomtudományok</subfield>
  </datafield>
  <datafield tag="650" ind1=" " ind2="4">
   <subfield code="a">Közgazdasági és gazdálkodástudományok</subfield>
  </datafield>
  <datafield tag="695" ind1=" " ind2=" ">
   <subfield code="a">Regionális gazdaság - Magyarország, Regionális fejlesztés, Tudományos kutatás - felsőoktatás - Magyarország, Innováció</subfield>
  </datafield>
  <datafield tag="700" ind1="0" ind2="1">
   <subfield code="a">Lukovics Miklós</subfield>
   <subfield code="e">aut</subfield>
  </datafield>
  <datafield tag="856" ind1="4" ind2="0">
   <subfield code="u">http://acta.bibl.u-szeged.hu/36195/1/gtk_2009_en_142-162.pdf</subfield>
   <subfield code="z">Dokumentum-elérés </subfield>
  </datafield>
 </record>
</collection>
